Handbook of Sample Preparation for Scanning Electron Microscopy and X-Ray Microanalysis /
Na minha lista:
| Autor principal: | |
|---|---|
| Formato: | Livro |
| Idioma: | inglês |
| Publicado em: |
New York :
Springer,
2009
|
| Assuntos: | |
| Tags: |
Sem tags, seja o primeiro a adicionar uma tag!
|
MARC
| LEADER | 00000nam a22000003a 4500 | ||
|---|---|---|---|
| 001 | 0024463 | ||
| 003 | SK-STU | ||
| 005 | 20170613093228.6 | ||
| 007 | ta | ||
| 008 | 170613s ----xo-----e------000-0-----d | ||
| 020 | |a 978-0-387-85730-5 | ||
| 040 | |a STU |b slo | ||
| 041 | 0 | |a eng | |
| 044 | |a xxu | ||
| 100 | 1 | |a Echlin, Patrik |4 aut | |
| 245 | 1 | 0 | |a Handbook of Sample Preparation for Scanning Electron Microscopy and X-Ray Microanalysis / |c aut. Patrik Echlin |
| 260 | |a New York : |b Springer, |c 2009 | ||
| 300 | |a 330 s. | ||
| 650 | 0 | 7 | |a elektrónová mikroskopia |
| 650 | 0 | 7 | |a röntgenová mikroanalýza |
| 996 | |b 284M087259 |c M* 13946-1 |l MMKN |s A |a 24 |w 0024463_0001 | ||